000 00281nam a2200121 i 4500
001 bg
245 2 _a3 Ogólnoploskie Seminarium na temat "Mieszanie".
260 _aSzczecin,
_c1984.
040 _cBPK
041 _apol
942 _cKS
008 s pl f |000 0 pol
999 _c28347
_d28347
856 _uhttp://koha.tu.koszalin.pl/cgi-bin/koha/opac-detail.pl?biblionumber=28347
_yKatalog online BPK